ბათუმის შოთა რუსთაველის სახელმწიფო უნივერსიტეტის ბიბლიოთეკა

ჩანაწერი Corporate Name

ჩანაწერთა რაოდენობა, რომელიც გამოყენებულია: 1

001 - CONTROL NUMBER

  • control field: 11507

003 - CONTROL NUMBER IDENTIFIER

  • control field: GE_BSU

005 - DATE AND TIME OF LATEST TRANSACTION

  • control field: 20210421173429.0

008 - FIXED-LENGTH DATA ELEMENTS

  • fixed length control field: 210421|| aca||aabn | a|a d

040 ## - CATALOGING SOURCE

  • Original cataloging agency: GE_BSU
  • Transcribing agency: GE_BSU

110 ## - HEADING--CORPORATE NAME

  • Corporate name or jurisdiction name as entry element: თბილისის სახელმწიფო სამედიცინო უნივერსიტტი.

670 ## - SOURCE DATA FOUND

  • Source citation: Work cat.: (GE_BSU)51749: დავითაშვილი, დავით 62, ოქსიდაციური სტრესის როლი თავის ტვინის ნეიროდეგენერაციული დაზიანებების დროს და მისი მოდულაცია /